000 00433 a2200169 4500
005 20250613104110.0
020 _a978-0-07-337946-3
082 _a657 HOY
100 _aHOYLE, B. J.
245 _aFundamentals of Advanced Accounting
250 _a3rd Ed.
260 _aBoston,
_bMcGraw-Hill Irwin,
_c2009.
300 _axix; 595p.
_bIndex
_c28 cm
700 _aThomas F. Schaefer
700 _aTimothy S. Doupnik
942 _2ddc
_cBKS
999 _c3548
_d3548